Rozlišovanie vlastného imania a záväzkov podľa IFRIC 2
Názorný príklad súvisiacim s problémom, riešeným v interpretácii IFRIC 2.
Salvato in:
| Autore principale: | |
|---|---|
| Natura: | Capitolo di libro |
| Lingua: | slovacco |
| Soggetti: | |
| Tags: |
Nessun Tag, puoi essere il primo ad aggiungerne!!
|
MARC
| LEADER | 00000nla$a2200000$$$4500 | ||
|---|---|---|---|
| 001 | 0128743 | ||
| 005 | 20240502072457.8 | ||
| 041 | 0 | |a slo | |
| 044 | |a SK | ||
| 245 | 1 | 0 | |a Rozlišovanie vlastného imania a záväzkov podľa IFRIC 2 |c Miloš Tumpach |
| 520 | |a Názorný príklad súvisiacim s problémom, riešeným v interpretácii IFRIC 2. | ||
| 610 | 2 | 0 | |a štandardy účtovné medzinárodné |
| 610 | 2 | 0 | |a záväzky |
| 610 | 2 | 0 | |a imanie vlastné |
| 610 | 2 | 0 | |a IFRIC |
| 100 | 1 | |a Tumpach, Miloš, 1970- | |